000 00270nam a2200121 a 4500
008 090929s1977|||| d
100 1 _aAlexejevič, S.
245 1 0 _aDekabristi
260 _bMladé letá
_aBratislava
_c1977
020 _c22
041 _aslo
044 _axo
_cSK
999 _c12
_d12